| 000 | 00361nam a22001457a 4500 | ||
|---|---|---|---|
| 003 | OSt | ||
| 008 | 231114b |||||||| |||| 00| 0 eng d | ||
| 041 | _aeng | ||
| 100 |
_aKincaid, CA _95606 |
||
| 245 | _aHistory of the Maratha People | ||
| 260 |
_aDelhi: _bS Chand & Co, _c1968. |
||
| 300 | _a294pages. | ||
| 700 |
_aPrasanis, Rao Bahadur D _95607 |
||
| 942 | _cBK | ||
| 999 |
_c17817 _d17817 |
||